Objective Arithmatic ; (Record no. 67163)

MARC details
000 -LEADER
fixed length control field 00789nam a22002297a 4500
005 - DATE AND TIME OF LATEST TRANSACTION
control field 20180606171143.0
010 ## - LCCN (DPL NO)
LC control number B-477814
020 ## - INTERNATIONAL STANDARD BOOK NUMBER
International Standard Book Number 9788121907415
Terms of availability 310.00
020 ## - INTERNATIONAL STANDARD BOOK NUMBER
Terms of availability 550.00(AV)
035 ## - SYSTEM CONTROL NUMBER
System control number B-477814
035 ## - SYSTEM CONTROL NUMBER
System control number B-667642
037 ## - SOURCE OF ACQUISITION
Stock number K.K.Pub/BL2032/23.5.12
Source of stock number/acquisition RP/SHahdara
082 ## - DEWEY DECIMAL CLASSIFICATION NUMBER
Classification number 513
100 ## - MAIN ENTRY--PERSONAL NAME
Personal name Aggarwal,R.S.
245 ## - TITLE STATEMENT
Title Objective Arithmatic ;
Remainder of title ssc and railway exam special /
Statement of responsibility, etc R.S.Aggarwal
260 ## - PUBLICATION, DISTRIBUTION, ETC. (IMPRINT)
Place of publication, distribution, etc New Delhi
Name of publisher, distributor, etc S.Chand
Date of publication, distribution, etc 2011
270 ## - ADDRESS
Address 7361 Ram Nagar
City Delhi
300 ## - PHYSICAL DESCRIPTION
Extent 635pg
Dimensions 24pg
942 ## - ADDED ENTRY ELEMENTS (KOHA)
Source of classification or shelving scheme Dewey Decimal Classification
Item type English Books
Classification part 513
Call number suffix AGG
Holdings
Withdrawn status Lost status Not for loan Collection code Home library Current library Date acquired Source of acquisition Cost, normal purchase price Full call number Barcode Copy number Cost, replacement price Koha item type
      Non-fiction Ashok Vihar Ashok Vihar 01/03/2018 KKP/276/24.2.2017/458/15.2.2017/17.3.2017 550.00 513 AGG B-667642 1 550.00 English Books

© Delhi Public Library
Hit Counter
free hit counter